000 00924cam a2200253 i 4500
003 SA-RiAUC
005 20251203132638.0
008 251128s1967 su g l 000r0 ara c
040 _aSA-RiKSU
_bara
_cSA-RiAUC
_erda
043 _aa-su---
082 0 4 _a344.53107684
090 _a344.53107684
_bس ع و
110 _aالسعودية
_eمؤلف
245 0 0 _aنظام كلية الهندسة./
264 1 _aمكة المكرمة :
_bمطبعة الحكومة،
_c[1967]
300 _a10 صفحة ؛
_c24 سم
336 _aنص
_btxt
_2rdacontent
_3كتاب
337 _aبدون وسيط
_bn
_2rdamedia
338 _aمجلد
_bnc
_2rdacarrier
500 _aالمرسوم الملكي رقم م / 15 وتاريخ 13 / 4 / 1386 هـ.
650 7 _aالجامعات والكليات
_xقوانين وتشريعات
_zالسعودية
_2aucsh
942 _2ddc
_cBOOK
_n0
949 _aSA-JeALM
_d251128
_umohamedma123
_n1
999 _c13457
_d13457